| 000 | 00855nmc a2200313 a 4500 | ||
|---|---|---|---|
| 003 | AR-BaBNM | ||
| 005 | 20251128210659.0 | ||
| 008 | 106020s2005 ||||||||||||||000 | spa|| | ||
| 020 | _a84-95294-77-X | ||
| 040 | _cAR-BaBNM | ||
| 100 | 1 | _aSarlé, Patricia | |
| 245 | 1 | 0 | _aJuegos de construcción y construcción de conocimiento |
| 250 | _a1ª ed. | ||
| 260 |
_aBuenos Aires _bMiño y Dávila Editores _c2005 |
||
| 300 | 0 | _a159 p. | |
| 490 | 0 | _aMente y cultura | |
| 600 | 1 | 4 | _aVigotsky, Liev Semiónovich |
| 650 | 4 | _aJUEGO | |
| 650 | 4 | _aJUEGOS EDUCATIVOS | |
| 650 | 4 | _aPSICOLOGIA DE LA EDUCACION | |
| 650 | 4 | _aDIDACTICA | |
| 650 | 4 | _aAPRENDIZAJE | |
| 653 | _aPSICOLOGIA SOCIOHISTORICA | ||
| 653 | 0 | _aEDUCACION INICIAL | |
| 700 | 1 | _aRosas, Ricardo | |
| 800 | 1 | _aRamírez Garrido, Juan Daniel | |
| 942 | _cBK | ||
| 998 | _cme-solo cat | ||
| 999 |
_c16415 _d16415 |
||